Manchester City - Real Madrid Champions League 2019-20 - Statistics

General Stats
  • This quiz has been taken 436 times
  • The average score is 23 of 31
Answer Stats
Player % Correct
Karim Benzema ¹
97%
Ederson
96%
Luka Modrić
93%
Thibaut Courtois
91%
Toni Kroos
91%
Casemiro
90%
Kevin De Bruyne
90%
Dani Carvajal
89%
Kyle Walker
89%
Ferland Mendy
84%
Raheem Sterling ¹
84%
Raphaël Varane
83%
Pep Guardiola
82%
Gabriel Jesus ¹
81%
Rodrygo
80%
Rodri
78%
Zinedine Zidane
78%
Bernardo Silva
73%
Éder Militão
73%
Aymeric Laporte
71%
İlkay Gündoğan
71%
David Silva
69%
Phil Foden
69%
João Cancelo
67%
Marco Asensio
65%
Fernandinho
63%
Eden Hazard
61%
Lucas Vázquez
48%
Federico Valverde
43%
Nicolás Otamendi
43%
Luka Jović
21%
No matching quizzes found
Score Distribution
Percent of People with Each Score
Percentile by Number Answered
Your Score History
You have not taken this quiz